| 000 | 01669cam a2200505 a 4500 | ||
|---|---|---|---|
| 001 | ocn933825380 | ||
| 003 | PE-LiUPU | ||
| 005 | 20250731172925.0 | ||
| 008 | 891115s1983 xxuo r 001 0 engdd | ||
| 020 | _a0673153436 | ||
| 020 | _a9780673153432 | ||
| 035 | _a(Sirsi) i9780673153432 | ||
| 035 | _a(OCoLC)933825380 | ||
| 040 |
_aSPSFM _bspa _cSPSFM _dPE-LiUPU _erda |
||
| 049 | _aPRUA | ||
| 080 | _a159.9 | ||
| 082 | 0 | 0 |
_a200.19 _bP19 _223 |
| 100 | 1 |
_aPaloutzian, Raymond F., _d1945- , _eautor. |
|
| 245 | 1 | 0 |
_aInvitation to the psychology of religion / _cRaymond F. Paloutzian. |
| 264 | 1 |
_a Illinois: _bScott Foresman , _c1983. |
|
| 300 |
_a215 páginas : _bilustraciones. ; _c24 centímetros. |
||
| 336 |
_atext _2rdacontent |
||
| 337 |
_aunmediated _2rdamedia |
||
| 338 |
_avolume _2rdacarrier |
||
| 504 | _aBibliografía : páginas 199-208. | ||
| 526 | _aSEG42 | ||
| 526 | _aSEG41 | ||
| 526 | _aSEG40 | ||
| 526 | _aSEG39 | ||
| 526 | _aP94 | ||
| 526 | _aP87 | ||
| 526 | _aP86 | ||
| 526 | _aP85 | ||
| 526 | _aP77 | ||
| 526 | _aP76 | ||
| 526 | _aP35 | ||
| 650 | 4 | _aPsicología de la religión. | |
| 910 |
_aebj _bebj _cjck _d20170508 |
||
| 942 |
_2ddc _cBOOK |
||
| 949 |
_a200.19 P19 _wDEWEY _c1 _i75446 _lCCODEBUL1 _mBUL _p02.00 _r0 _sY _tBOOK _u2017-05-08 _xPOSGRADO _PP85 _0DONACION _o.STAFF. Colección General |
||
| 994 |
_aC0 _bPEPRU |
||
| 596 | _a1 | ||
| 999 |
_a200.19 P19 _wDEWEY _c20291 _i75446 _f2021-11-9 _g4 _lCCODEBUL1 _mBUL _p2.00 _r0 _sY _tBOOK _u2017-5-8 _xTEOLOGIA _PP85 _0COMPRA _o.STAFF. Colección General _d20291 |
||
| 980 |
_81 _gALBERTO SANCHEZ Responsable de Automatización |
||